The theory and practice of perspective.

Bibliographic Details
Main Author: Abbott, William
Format: Book
Language:English
Published: London : Blackie, [1950]
Subjects:

MARC

Tag First Indicator Second Indicator Subfields
LEADER 00000cam a2200000 4500
001 in00000033679
005 20151007061922.0
008 800630s1950 enka 00000 eng
010 |a  50014827  
035 |a (OCoLC)06473125 
035 |9 AAD3466AM 
040 |a DLC  |c TXA  |d UtOrBLW 
049 |a TXAM  |c [456712] 
050 0 |a NC750  |b .A3 
082 0 |a 742 
092 |a 742  |b A134t 
100 1 |a Abbott, William. 
245 1 4 |a The theory and practice of perspective. 
264 1 |a London :  |b Blackie,  |c [1950] 
300 |a vi, 198 pages :  |b illustrations ;  |c 24 cm. 
336 |a text  |b txt  |2 rdacontent 
337 |a unmediated  |b n  |2 rdamedia 
338 |a volume  |b nc  |2 rdacarrier 
650 0 |a Perspective. 
999 |a MARS 
999 f f |s b6998b78-d477-32dc-af81-995fed0c52ca  |i 0076bf75-c66f-3ace-a8dc-cb505fa25d08  |t 0 
952 f f |p normal  |a Texas A&M University  |b College Station  |c Sterling C. Evans Library  |d Evans: Library Stacks  |t 0  |e NC750 .A3  |h Library of Congress classification  |i unmediated -- volume  |m A14801149375 
998 f f |a NC750 .A3  |t 0  |l Evans: Library Stacks